00890nam a2200229 a 4500001001000000003000500010005001700015008004100032010001100073011001100084040000900095100003300104245015500137260004100292500006000333502007100393650004600464650003100510650003300541856001600574856007000590000113092CHAP20220329144338.0170420s2016 mx sm |||||||spa d a109553 a110525 cCHAP1 aAlfaro Velasco, José Radai10aEstimación de contenido de humedad para determinar el momento del riego con un módulo de monitoreoh[En línea]cpor José Radai Alfaro Velasco. aChapingo, Méx. :bEl autor,c2016. aPara ver el contenido del material haga clic en la liga aTesis (Ing. en Irrigación) -- UACH. Departamento de Irrigación14aSensores de humedad de sueloxAnálisis.14aSuelosxBalance hídrico.14aSuelosxHumedadxMedición. a1 n0000213 aFinding aiduhttp://10.13.5.2/tesis/sist113092.pdfzTeclea aquí